01078nam a2200289 u 4500001001000000003000900010005001700019007000300036008004100039020001800080040003100098082002700129100006700156245012300223264003900346300002800385336002700413337003300440338002800473490001500501500007300516504003800589600006400627650004000691650002800731651002900759000002659DO-SdBPM20260114120232.0ta090703s2008 dr r 000 0bspa d a9789945068801 aDO-SdBPMbspacBPMSU drda 4a928.61bD218S 20082221 aSantos Grimaldi, Rocío Eleanor de los,d1969-eautora4aut. 10aRubén Darío :bun hombre y la transformación de la poesía universal /cRocío Eleanor de los Santos Grimaldi. aSanto Domingo :bSantuario,c2008. a94 páginas ;c21 cm. atextobtxt2rdacontent asin mediaciónbn2rdamedia avolumenbnc2rdacarrier0 aSantuario  aIncluye datos biográficos de la autora en la solapa de la cubierta aBibliografía : páginas 91-9217aDarío, Rubén d1867-1916xCrítica e interpretación  7aPoetas nicaraguensesvBiografías  7aLiteratura nicaraguense 7aNicaraguavBiografías